BIBLIOTECA

SENCICO

Grand stand 3 : (Registro nro. 5070)

Detalles MARC
000 -LEADER
fixed length control field 01026nam a22002777a 4500
003 - CONTROL NUMBER IDENTIFIER
control field PE SENCICO BE
005 - DATE AND TIME OF LATEST TRANSACTION
control field 20251020182711.0
008 - FIXED-LENGTH DATA ELEMENTS--GENERAL INFORMATION
fixed length control field 250121b |||||||| |||| 00| 0 eng d
020 ## - INTERNATIONAL STANDARD BOOK NUMBER
International Standard Book Number 978-90-77174-25-8
040 ## - CATALOGING SOURCE
Original cataloging agency PE SENCICO BE
Transcribing agency PE SENCICO BE
041 ## - LANGUAGE CODE
Language code of text/sound track or separate title eng
082 ## - DEWEY DECIMAL CLASSIFICATION NUMBER
Classification number 747.852
Item number F8
100 1# - MAIN ENTRY--PERSONAL NAME
9 (RLIN) 2859
Personal name Frame Publishers
Relator term autor
245 1# - TITLE STATEMENT
Title Grand stand 3 :
Remainder of title design for trade fair stands /
Statement of responsibility, etc. Frame Publishers
250 ## - EDITION STATEMENT
Edition statement [1 ed.]
260 ## - PUBLICATION, DISTRIBUTION, ETC.
Place of publication, distribution, etc. Amsterdam, Holanda :
Name of publisher, distributor, etc. Frame Publishers ;
Date of publication, distribution, etc. 2011
300 ## - PHYSICAL DESCRIPTION
Extent 512 páginas :
Other physical details ilustraciones a color, láminas, diagramas ;
Dimensions 33 cm.
505 0# - FORMATTED CONTENTS NOTE
Formatted contents note Apparel -- Architectural products -- Consumer products -- Electronics -- Interior products -- Lighting -- Mobility -- Services -- Shoes & accessories
650 10 - SUBJECT ADDED ENTRY--TOPICAL TERM
9 (RLIN) 879
Topical term or geographic name entry element Decoración comercial
650 20 - SUBJECT ADDED ENTRY--TOPICAL TERM
9 (RLIN) 880
Topical term or geographic name entry element Centros comerciales
650 20 - SUBJECT ADDED ENTRY--TOPICAL TERM
9 (RLIN) 760
Topical term or geographic name entry element Espacios públicos
650 20 - SUBJECT ADDED ENTRY--TOPICAL TERM
9 (RLIN) 885
Topical term or geographic name entry element Salas de exhibiciones
650 20 - SUBJECT ADDED ENTRY--TOPICAL TERM
9 (RLIN) 18
Topical term or geographic name entry element Diseño arquitectónico
910 ## - USER-OPTION DATA (OCLC)
User-option data hfp
-- hfp
-- hfp
942 ## - ADDED ENTRY ELEMENTS (KOHA)
Source of classification or shelving scheme Dewey Decimal Classification
Koha item type Libros
Existencias
Fecha de la última vez que lo usaron Pago total Signatura topográfica completa Código de barras Precio efectivo desde Tipo de documento Estado perdido Sistema de clasificación Estado dañado No es para préstamo Retirado Ubicación permanente Ubicación actual Fecha de adquisición Fuente de adquisición
21/01/2025   747.852/F8 BibLima25010037 21/01/2025 Libros   Dewey Decimal Classification       Biblioteca Central Lima Biblioteca Central Lima 18/11/2024 Comprado de la librería Megabook